| 000 | 00430nam a2200169Ia 4500 | ||
|---|---|---|---|
| 008 | 131103s9999 xx 000 0 und d | ||
| 040 | _aLoreto College | ||
| 041 | _aEnglish | ||
| 082 |
_aF/BUC _bLCBED/6254 |
||
| 100 | _aBuck, Pearl S. | ||
| 245 | 4 |
_aThe Good Earth _cPearl S.Buck |
|
| 260 |
_aNew York _bPocket Books _c1968 |
||
| 300 |
_a260p. _c 18 cm. |
||
| 650 | _aEnglish Fiction | ||
| 850 | _aLCBED/F/BUC | ||
| 942 | _cBK | ||
| 999 |
_c32813 _d83292 |
||